000 01265cam a2200361 a 4500
001 6368
003 BD-DhEWU
005 20140723161442.0
008 011105r20032007ii a g b 001 0 eng d
010 _a2001055131
020 _a0324007515
020 _a8131500322
020 _a 9780324007510
035 _a(OCoLC)48383531
040 _aDLC
_cDLC
_dDLC
_dBD-DhEWU
_beng
041 _aeng
050 0 0 _aHD38.5
_b.C69 2003
082 0 4 _a658.7
_222
_bCOM 2003
100 1 _aCoyle, John Joseph,
_d1935-
_916664
245 1 4 _aThe management of business logistics :
_ba supply chain perspective /
_cJohn J. Coyle, Edward J. Bardi, C. John Langley.
250 _a7th ed.
260 _aMason, Ohio ;
_aIndia :
_bSouth-Western/Thomson Learning,
_cc2003.
300 _axx, 707 p. :
_bill. ;
_c26 cm.
504 _aIncludes bibliographical references and index.
526 _aBA
590 _aSaifun Momota
650 0 _aBusiness logistics.
_916665
653 _aSupply Chain Management.
700 1 _aBardi, Edward J.,
_d1943-
_916666
700 1 _aLangley, C. John,
_d1946-
_916667
856 4 2 _3WorldCat details
_uhttps://www.worldcat.org/title/management-of-business-logistics-a-supply-chain-perspective/oclc/48383531&referer=brief_results
942 _2ddc
_cTEXT
999 _c6368
_d6368